[Event "Titled Tuesday intern op 13th Aug Late"]
[Site "Chess.com INT"]
[Date "2024.08.13"]
[Round "2"]
[White "Szpar, Milosz"]
[Black "Radhakrishnan, Sharath"]
[Result "1-0"]
[WhiteElo "2483"]
[BlackElo "2059"]
[PlyCount "127"]
[EventDate "2024.08.13"]
[EventType "swiss (blitz)"]
[EventRounds "11"]
[EventCountry "USA"]
[SourceTitle "EXT 2025"]
[Source "ChessBase"]
[SourceDate "2024.10.14"]
[SourceVersion "1"]
[SourceVersionDate "2024.10.14"]
[SourceQuality "1"]

1. c4 e5 2. g3 Nf6 3. Bg2 d5 4. cxd5 Nxd5 5. Nc3 Nb6 6. d3 Nc6 7. Nf3 Be7 8. 0-0 0-0 9. Be3 Be6 10. Rc1 f6 11. d4 exd4 12. Nxd4 Nxd4 13. Bxd4 c6 14. Ne4 Bd5 15. Qd3 Re8 16. Rfd1 Bf8 17. b3 Ba3 18. Rc2 Qe7 19. Nc5 Bxg2 20. Kxg2 Nd5 21. Qf3 Bxc5 22. Bxc5 Qe4 23. Qxe4 Rxe4 24. f3 Ne3+ 25. Bxe3 Rxe3 26. Rd7 Rae8 27. Kf2 R3e7 28. Rcd2 Kf7 29. e4 Rxd7 30. Rxd7+ Re7 31. Rd8 h6 32. Ra8 b6 33. Ke3 Rd7 34. h4 h5 35. f4 g6 36. e5 c5 37. Rh8 Kg7 38. Ra8 Kf7 39. a4 Re7 40. Ke4 Rd7 41. f5 Rd4+ 42. Ke3 fxe5 43. Rxa7+ Kf6 44. fxg6 Kxg6 45. Ra6 Rb4 46. a5 Rxb3+ 47. Ke4 Rxg3 48. axb6 Rb3 49. Kxe5 c4 50. b7+ Kf7 51. Ra7 Kg6 52. Kd4 c3 53. Kd3 Kf5 54. Kc2 Rb6 55. Kxc3 Kg4 56. Ra4+ Kg3 57. Rb4 Rxb7 58. Rxb7 Kxh4 59. Kd3 Kg3 60. Ke2 h4 61. Kf1 Kh2 62. Rh7 h3 63. Kf2 Kh1 64. Rxh3# 1-0

[Event "Titled Tuesday intern op 06th Aug Late"]
[Site "Chess.com INT"]
[Date "2024.08.06"]
[Round "1"]
[White "Dmitriev, Sergey"]
[Black "Radhakrishnan, Sharath"]
[Result "0-1"]
[WhiteElo "2312"]
[BlackElo "2059"]
[PlyCount "36"]
[EventDate "2024.08.06"]
[EventType "swiss (blitz)"]
[EventRounds "11"]
[EventCountry "USA"]
[SourceTitle "EXT 2025"]
[Source "ChessBase"]
[SourceDate "2024.10.14"]
[SourceVersion "1"]
[SourceVersionDate "2024.10.14"]
[SourceQuality "1"]

1. e4 e5 2. Nf3 Nc6 3. d4 exd4 4. Nxd4 Nf6 5. Nc3 Bb4 6. Bg5 h6 7. Nxc6 bxc6 8. Bd2 0-0 9. f3 d5 10. exd5 cxd5 11. Bb5 d4 12. Ne4 Nxe4 13. fxe4 Qh4+ 14. g3 Qxe4+ 15. Kf2 Bxd2 16. Qxd2 Qf5+ 17. Kg2 Qxb5 18. Qxd4 Bb7+ 0-1

[Event "Titled Tuesday intern op 06th Aug Late"]
[Site "Chess.com INT"]
[Date "2024.08.06"]
[Round "3"]
[White "Radhakrishnan, Sharath"]
[Black "Adam, Rafael"]
[Result "1-0"]
[WhiteElo "2059"]
[BlackElo "2127"]
[PlyCount "179"]
[EventDate "2024.08.06"]
[EventType "swiss (blitz)"]
[EventRounds "11"]
[EventCountry "USA"]
[SourceTitle "EXT 2025"]
[Source "ChessBase"]
[SourceDate "2024.10.14"]
[SourceVersion "1"]
[SourceVersionDate "2024.10.14"]
[SourceQuality "1"]

1. e4 c6 2. d4 d5 3. Nc3 dxe4 4. Nxe4 Nf6 5. Nxf6+ exf6 6. c3 Bd6 7. Bd3 0-0 8. Ne2 Re8 9. Qc2 h6 10. 0-0 Na6 11. a3 Nc7 12. Bd2 a5 13. c4 b6 14. Nc3 Ne6 15. Be3 Qc7 16. h3 Nf4 17. Bxf4 Bxf4 18. Rfe1 Bd7 19. d5 Be5 20. Rad1 c5 21. d6 Bxd6 22. Nd5 Qa7 23. Be4 Rad8 24. Nxf6+ gxf6 25. Rxd6 Re6 26. Rxe6 Bxe6 27. Qc3 Qe7 28. Qg3+ Kh8 29. Qf4 Kg7 30. Re3 Rd1+ 31. Kh2 Qd6 32. Rg3+ Kf8 33. Qxh6+ Ke7 34. Qe3 Rf1 35. Bd5 Qe5 36. Qd3 Bxd5 37. Qxf1 Be6 38. Kg1 Kd6 39. Qd3+ Kc6 40. Re3 Qxb2 41. Qe4+ Kc7 42. Qf4+ Kb7 43. Qd6 Qa1+ 44. Kh2 Qd4 45. Qxd4 cxd4 46. Rd3 Bxc4 47. Rxd4 b5 48. Rf4 Kc6 49. Rxf6+ Kc5 50. h4 b4 51. axb4+ axb4 52. Rf5+ Bd5 53. h5 b3 54. h6 b2 55. h7 b1Q 56. Rxd5+ Kxd5 57. h8Q Qf5 58. Qh3 Qe5+ 59. Qg3 Qh8+ 60. Kg1 Qa1+ 61. Kh2 Qh8+ 62. Qh3 Qe5+ 63. g3 Qe1 64. Qg2+ Ke6 65. Qf3 Qf1 66. Qe3+ Kf6 67. Qf4+ Kg6 68. Qe4+ Kf6 69. Qg2 Qd3 70. Qh3 Qe2 71. Kg2 Qe4+ 72. Kh2 Qe2 73. Qh4+ Kg6 74. Qf4 Qd1 75. Kg2 Qd5+ 76. Qf3 Qc4 77. g4 Qd4 78. Kg3 Kg7 79. Qe3 Qd6+ 80. Qf4 Qd3+ 81. Kg2 Qd5+ 82. Qf3 Qg5 83. Qg3 Qe7 84. g5 Qb7+ 85. Qf3 Qd7 86. Qc3+ Kg6 87. Qf6+ Kh5 88. Qh6+ Kg4 89. Qh3+ Kf4 90. Qxd7 1-0

[Event "Titled Tuesday intern op 06th Aug Late"]
[Site "Chess.com INT"]
[Date "2024.08.06"]
[Round "4"]
[White "Sokolovsky, Yahli"]
[Black "Radhakrishnan, Sharath"]
[Result "1-0"]
[WhiteElo "2522"]
[BlackElo "2059"]
[PlyCount "65"]
[EventDate "2024.08.06"]
[EventType "swiss (blitz)"]
[EventRounds "11"]
[EventCountry "USA"]
[SourceTitle "EXT 2025"]
[Source "ChessBase"]
[SourceDate "2024.10.14"]
[SourceVersion "1"]
[SourceVersionDate "2024.10.14"]
[SourceQuality "1"]

1. b3 Nf6 2. Bb2 g6 3. g3 Bg7 4. Bg2 0-0 5. c4 c5 6. Nf3 Nc6 7. 0-0 d6 8. d4 Bd7 9. d5 Nb8 10. Nc3 a6 11. a4 e6 12. dxe6 Bxe6 13. Ng5 Nc6 14. Nxe6 fxe6 15. Rb1 Re8 16. e3 Qc7 17. Qe2 Rad8 18. Rfd1 Qf7 19. Qf3 d5 20. cxd5 exd5 21. Nxd5 Nxd5 22. Qxf7+ Kxf7 23. Bxd5+ Kf8 24. Bxc6 bxc6 25. Ba3 Rxd1+ 26. Rxd1 Rb8 27. Bxc5+ Kf7 28. Rd7+ Kg8 29. Rc7 Rxb3 30. Rxc6 Rc3 31. Rc8+ Kf7 32. Rc7+ Kg8 33. Rxg7+ 1-0